000 00943am a2200313a 44500
003 AR-BaBNM
005 20251128210827.0
008 031020s1997 #AR|||||||||||000 | spa||
020 _a950-737-463-9
040 _cAR-BaBNM
100 1 _aCosta, Andrea
245 1 0 _aUna mirada sobre la tecnología
_baportes para el docente : después de la revolución industrial
250 _a1ª ed.
260 _aBuenos Aires
_bLibros del Quirquincho
_c1997
300 _a72 p.
_bil., tablas
500 _aContiene referencias bibliográficas
650 4 _aACTIVIDADES DE APRENDIZAJE
650 4 _aSIGLO DIECINUEVE
650 4 _aSIGLO VEINTE
653 0 _aREVOLUCION INDUSTRIAL
653 _aEDUCACION TECNOLOGICA
653 _aENSEÑANZA DE LA TECNOLOGIA
653 _aEDUCACION GENERAL BASICA
653 _aPROYECTOS DE AULA
653 _aESTRATEGIAS DIDACTICAS
700 1 _aDomenech, Graciela
942 _cBK
998 _cRAQUEL
999 _c17090
_d17090